[Event "GER-ch U16 Girls"]
[White "Becker, Linda"]
[Black "Werner, Rosalie"]
[Site "Willingen"]
[Round "7"]
[Result "1-0"]
[Date "2021.08.27"]
[WhiteElo "1674"]
[BlackElo "1741"]
[PlyCount "55"]
[EventDate "2021.08.22"]
[EventType "swiss"]
[EventRounds "9"]
[EventCountry "GER"]
[SourceTitle "EXT 2022"]
[Source "ChessBase"]
[SourceDate "2021.10.06"]
[SourceVersion "1"]
[SourceVersionDate "2021.10.06"]
[SourceQuality "1"]

1. e4 d5 2. exd5 Qxd5 3. Nc3 Qd8 4. d4 g6 5. Be3 Bg7 6. Qd2 Nf6 7. Be2 0-0 8. 0-0-0 Re8 9. h4 h5 10. f3 Bf5 11. Nh3 Qc8 12. Nf2 Na6 13. g4 Bd7 14. Rdg1 Kh7 15. gxh5 Nxh5 16. f4 Bf5 17. Bxh5 gxh5 18. Rg5 Bh6 19. Rg3 Rg8 20. Rhg1 Qd7 21. Qe2 Bg6 22. Nfe4 f6 23. Kb1 Qe6 24. d5 Qf5 25. Qd3 Rad8 26. Qc4 Bf7 27. Qd3 Nb4 28. Nxf6+ 1-0

[Event "GER-chT Christmas U20 Girls"]
[White "Becker, Linda"]
[Black "Muhina, Liana"]
[Site "Playchess.com INT"]
[Round "5.3"]
[Result "1-0"]
[Date "2020.12.29"]
[WhiteElo "1763"]
[BlackElo "1273"]
[PlyCount "67"]
[EventDate "2020.12.29"]
[EventType "team-swiss (blitz)"]
[EventRounds "7"]
[EventCountry "GER"]
[SourceTitle "CBM 200 Extra"]
[Source "ChessBase"]
[SourceDate "2021.03.31"]
[SourceVersion "1"]
[SourceVersionDate "2021.03.31"]
[SourceQuality "1"]
[WhiteTeam "Hemer"]
[BlackTeam "Garching"]
[WhiteTeamCountry "GER"]
[BlackTeamCountry "GER"]

1. e4 d5 2. exd5 Qxd5 3. d4 Nf6 4. Nf3 Bg4 5. Be2 c6 6. Be3 e6 7. 0-0 Bd6 8. h3 Bxh3 9. gxh3 Qh5 10. Ng5 Qh4 11. Bg4 Nxg4 12. Qxg4 Qxg4+ 13. hxg4 h5 14. Ne4 Bc7 15. gxh5 Rxh5 16. Ng3 Rh3 17. Kg2 Rh7 18. Nd2 Nd7 19. Rh1 Rxh1 20. Rxh1 0-0-0 21. Rh7 Bxg3 22. fxg3 Nf6 23. Rxg7 Rh8 24. Rxf7 Ng4 25. Kf3 Nxe3 26. Kxe3 Rh3 27. Ne4 Rh1 28. Rf2 Kc7 29. Rg2 Rh8 30. g4 Rg8 31. g5 Kb6 32. g6 Kc7 33. g7 Kd7 34. Nf6+ 1-0

[Event "GER-chT Christmas U20 Girls"]
[White "Butenandt, Svenja"]
[Black "Becker, Linda"]
[Site "Playchess.com INT"]
[Round "3.3"]
[Result "1/2-1/2"]
[Date "2020.12.29"]
[WhiteElo "2014"]
[BlackElo "1763"]
[PlyCount "80"]
[EventDate "2020.12.29"]
[EventType "team-swiss (blitz)"]
[EventRounds "7"]
[EventCountry "GER"]
[SourceTitle "CBM 200 Extra"]
[Source "ChessBase"]
[SourceDate "2021.03.31"]
[SourceVersion "1"]
[SourceVersionDate "2021.03.31"]
[SourceQuality "1"]
[WhiteTeam "Solingen"]
[BlackTeam "Hemer"]
[WhiteTeamCountry "GER"]
[BlackTeamCountry "GER"]

1. d4 d5 2. c4 e6 3. Nc3 Nf6 4. cxd5 exd5 5. Bg5 c6 6. e3 Be6 7. Bd3 Be7 8. Nge2 Nbd7 9. Qc2 h6 10. Bh4 Nh5 11. Bxe7 Qxe7 12. 0-0 0-0 13. Rab1 Nhf6 14. b4 Rac8 15. Nf4 b6 16. Qb3 Qd6 17. Rfd1 Kh8 18. Be2 Rfe8 19. b5 Ne4 20. bxc6 Nxc3 21. cxd7 Nxe2+ 22. Nxe2 Qxd7 23. Nf4 Rc4 24. Nd3 Bf5 25. Ne5 Qe6 26. Rbc1 Rxc1 27. Rxc1 Rc8 28. Rxc8+ Qxc8 29. h3 Be6 30. Qa3 Qc7 31. Qf8+ Kh7 32. Qa8 Qc1+ 33. Kh2 Qa3 34. Nc6 Qxa2 35. Ne7 f6 36. Qe8 Qxf2 37. Qg6+ Kh8 38. Qe8+ Kh7 39. Qg6+ Kh8 40. Qe8+ Kh7 1/2-1/2

[Event "GER-chT Christmas U16 Steinitz"]
[White "Becker, Linda"]
[Black "Afonso, Phil"]
[Site "Playchess.com INT"]
[Round "7.4"]
[Result "0-1"]
[Date "2020.12.28"]
[WhiteElo "1763"]
[BlackElo "1542"]
[PlyCount "80"]
[EventDate "2020.12.28"]
[EventType "team-swiss (blitz)"]
[EventRounds "7"]
[EventCountry "GER"]
[SourceTitle "CBM 200 Extra"]
[Source "ChessBase"]
[SourceDate "2021.03.31"]
[SourceVersion "1"]
[SourceVersionDate "2021.03.31"]
[SourceQuality "1"]
[WhiteTeam "Hemer"]
[BlackTeam "Kornwestheim"]
[WhiteTeamCountry "GER"]
[BlackTeamCountry "GER"]

1. d4 Nf6 2. c4 g6 3. Nc3 Bg7 4. Bf4 d6 5. e3 0-0 6. Nf3 Nbd7 7. Bd3 Re8 8. 0-0 e5 9. dxe5 dxe5 10. Bg5 h6 11. Bxf6 Nxf6 12. e4 Qe7 13. h3 Rd8 14. Nd5 Nxd5 15. cxd5 c6 16. Bc4 Qd6 17. Qd3 Re8 18. dxc6 Qxd3 19. Bxd3 bxc6 20. Rac1 Bb7 21. Bc2 Rab8 22. Ba4 Rec8 23. Rc2 c5 24. Rfc1 Bxe4 25. Rxc5 Rxc5 26. Rxc5 Bxf3 27. gxf3 Rxb2 28. Bb3 Rb1+ 29. Kg2 Re1 30. Rc7 e4 31. Bxf7+ Kf8 32. fxe4 Bd4 33. Bxg6 Re2 34. Rf7+ Kg8 35. Kg3 Rxa2 36. Kg4 Bxf2 37. Kh5 Be3 38. e5 Rg2 39. e6 Rg5+ 40. Kxh6 Rf5# 0-1

[Event "GER-chT Christmas U16 Steinitz"]
[White "Paetzold, Nicolas"]
[Black "Becker, Linda"]
[Site "Playchess.com INT"]
[Round "1.4"]
[Result "1-0"]
[Date "2020.12.28"]
[WhiteElo "1360"]
[BlackElo "1763"]
[PlyCount "41"]
[EventDate "2020.12.28"]
[EventType "team-swiss (blitz)"]
[EventRounds "7"]
[EventCountry "GER"]
[SourceTitle "CBM 200 Extra"]
[Source "ChessBase"]
[SourceDate "2021.03.31"]
[SourceVersion "1"]
[SourceVersionDate "2021.03.31"]
[SourceQuality "1"]
[WhiteTeam "Dresden Gruen Weiss"]
[BlackTeam "Hemer"]
[WhiteTeamCountry "GER"]
[BlackTeamCountry "GER"]

1. d4 d5 2. e3 c6 3. f4 Nf6 4. Nf3 Bg4 5. Bd3 e6 6. Nbd2 Bd6 7. c3 Nbd7 8. 0-0 Qc7 9. Qc2 g6 10. Ne5 Bxe5 11. fxe5 Nh5 12. e4 Nb6 13. exd5 Nxd5 14. Ne4 Rf8 15. Nd6+ Ke7 16. Bh6 Rg8 17. Rxf7+ Kd8 18. Rxc7 Kxc7 19. Rf1 g5 20. Rf7+ Kb8 21. Rxb7# 1-0

[Event "GER-chT Christmas U16 Steinitz"]
[White "Tao, Alexander"]
[Black "Becker, Linda"]
[Site "Playchess.com INT"]
[Round "3.4"]
[Result "1-0"]
[Date "2020.12.28"]
[WhiteElo "1630"]
[BlackElo "1763"]
[PlyCount "27"]
[EventDate "2020.12.28"]
[EventType "team-swiss (blitz)"]
[EventRounds "7"]
[EventCountry "GER"]
[SourceTitle "CBM 200 Extra"]
[Source "ChessBase"]
[SourceDate "2021.03.31"]
[SourceVersion "1"]
[SourceVersionDate "2021.03.31"]
[SourceQuality "1"]
[WhiteTeam "Blankenese"]
[BlackTeam "Hemer"]
[WhiteTeamCountry "GER"]
[BlackTeamCountry "GER"]

1. e4 e6 2. Nf3 d5 3. Nc3 Nf6 4. e5 Nfd7 5. d4 a6 6. Bf4 c5 7. dxc5 Bxc5 8. Bd3 Nc6 9. 0-0 0-0 10. Bxh7+ Kh8 11. Ng5 g6 12. Qg4 f5 13. Qh3 Kg7 14. Nxe6+ 1-0

[Event "Wch FIDE Online U14 Girls Europe qual"]
[White "Bashylina, Luisa"]
[Black "Becker, Linda"]
[Site "Tornelo INT"]
[Round "7"]
[Result "1-0"]
[Date "2020.12.09"]
[WhiteElo "2005"]
[BlackElo "1769"]
[PlyCount "95"]
[EventDate "2020.12.07"]
[EventType "swiss (rapid)"]
[EventRounds "7"]
[EventCountry "ISS"]
[SourceTitle "EXT 2022"]
[Source "ChessBase"]
[SourceDate "2021.10.06"]
[SourceVersion "1"]
[SourceVersionDate "2021.10.06"]
[SourceQuality "1"]

1. e4 e6 2. d3 d5 3. Nd2 c5 4. Ngf3 Nf6 5. g3 Nc6 6. Bg2 Be7 7. 0-0 a5 8. e5 Nd7 9. Re1 a4 10. a3 b5 11. Nf1 Qb6 12. Bf4 Bb7 13. h4 h6 14. N1h2 b4 15. Nd2 Nd4 16. Qg4 Nxc2 17. Qxg7 0-0-0 18. Qxf7 Nxe1 19. Rxe1 Rde8 20. axb4 Qxb4 21. Bh3 Bc6 22. Qxe6 Kb7 23. Qg4 h5 24. Qe2 Rhg8 25. Bg2 Bxh4 26. e6 Nf6 27. Qe5 Re7 28. gxh4 d4 29. Nhf3 Reg7 30. Bg5 Ng4 31. Qf4 Qa5 32. e7 Qc7 33. Qxc7+ Kxc7 34. Nc4 Re8 35. Bf4+ Kd7 36. Nfe5+ Nxe5 37. Nxe5+ Kc7 38. Nxc6+ Kb6 39. Bg5 Kb5 40. Re6 Rgg8 41. Rd6 Rh8 42. Rd8 Rxd8 43. exd8Q Rxd8 44. Bxd8 c4 45. dxc4+ Kxc4 46. Nxd4 Kxd4 47. Bc6 Kc4 48. Bxa4 1-0

[Event "Wch FIDE Online U14 Girls Europe qual"]
[White "Miltiadou, Danai"]
[Black "Becker, Linda"]
[Site "Tornelo INT"]
[Round "5"]
[Result "0-1"]
[Date "2020.12.08"]
[WhiteElo "1278"]
[BlackElo "1769"]
[PlyCount "76"]
[EventDate "2020.12.07"]
[EventType "swiss (rapid)"]
[EventRounds "7"]
[EventCountry "ISS"]
[SourceTitle "EXT 2022"]
[Source "ChessBase"]
[SourceDate "2021.10.06"]
[SourceVersion "1"]
[SourceVersionDate "2021.10.06"]
[SourceQuality "1"]

1. e4 e6 2. Nc3 d5 3. exd5 exd5 4. d4 Nf6 5. Bg5 c6 6. Nf3 Be7 7. h3 Nbd7 8. Bd3 Nb6 9. Ne5 Be6 10. Qe2 Qd6 11. Bf4 Qb4 12. Rb1 Qxd4 13. Bg3 Na4 14. Nf3 Nxc3 15. Nxd4 Nxe2 16. Bxe2 0-0 17. Nxe6 fxe6 18. 0-0 Ne4 19. Rbd1 Bc5 20. Bg4 Nxg3 21. Bxe6+ Kh8 22. Kh2 Nxf1+ 23. Rxf1 Rxf2 24. Re1 Re8 25. Kg3 Rf6 26. c3 Bf2+ 27. Kh2 Bxe1 28. Bg4 Rf2 29. Bd7 Re7 30. Bc8 Ree2 31. Bxb7 Rxg2+ 32. Kh1 Rh2+ 33. Kg1 Reg2+ 34. Kf1 Rxb2 35. Kg1 Bxc3 36. Bxc6 Rhc2 37. Ba4 Rc1+ 38. Bd1 Rxd1# 0-1

[Event "Wch FIDE Online U14 Girls Europe qual"]
[White "Butenandt, Svenja"]
[Black "Becker, Linda"]
[Site "Tornelo INT"]
[Round "1"]
[Result "1-0"]
[Date "2020.12.07"]
[WhiteElo "1782"]
[BlackElo "1769"]
[PlyCount "137"]
[EventDate "2020.12.07"]
[EventType "swiss (rapid)"]
[EventRounds "7"]
[EventCountry "ISS"]
[SourceTitle "EXT 2022"]
[Source "ChessBase"]
[SourceDate "2021.10.06"]
[SourceVersion "1"]
[SourceVersionDate "2021.10.06"]
[SourceQuality "1"]

1. d4 d5 2. c4 e6 3. Nc3 Nf6 4. cxd5 exd5 5. Bg5 c6 6. e3 Be7 7. Bd3 Nbd7 8. Nge2 h6 9. Bh4 Nh5 10. Bxe7 Qxe7 11. Qc2 Nb6 12. 0-0 0-0 13. Rab1 a5 14. a3 c5 15. dxc5 Qxc5 16. Nd4 Bd7 17. Rfd1 Nf6 18. Rbc1 Qe7 19. Qe2 Rfe8 20. Bb1 Bg4 21. Nf3 Rad8 22. h3 Bh5 23. Nb5 Nc4 24. Nbd4 Ne4 25. Nf5 Qf6 26. N5d4 Ne5 27. Rc7 b6 28. g4 Bg6 29. Nxe5 Qxe5 30. Rdc1 Ra8 31. Nf3 Qf6 32. R7c6 Re6 33. Rxe6 Qxe6 34. Nd4 Qd7 35. Qb5 Qxb5 36. Nxb5 Kf8 37. Rc6 Rb8 38. Nd4 Ke7 39. Nf3 Bh7 40. Ne5 Rb7 41. Ba2 f6 42. Nf3 Bg8 43. Nd4 Kd7 44. Rc1 Rc7 45. Rxc7+ Kxc7 46. Nf5 b5 47. Nxg7 Kc6 48. Nf5 Kc5 49. Nxh6 Be6 50. Nf5 Ng5 51. Kg2 b4 52. axb4+ Kxb4 53. Nd4 Bf7 54. h4 Ne4 55. h5 Kc5 56. f3 Ng5 57. Kg3 Bg8 58. Nf5 Bh7 59. Ne7 Kd6 60. Nxd5 Bg8 61. Nc3 Bh7 62. f4 Ne6 63. Ne4+ Bxe4 64. f5 Nc5 65. h6 Bd5 66. Bxd5 Kxd5 67. h7 Ne4+ 68. Kf4 Ng5 69. h8Q 1-0

[Event "GER-ch U14 Girls"]
[White "Woerz, Ann Sophie"]
[Black "Becker, Linda"]
[Site "Willingen"]
[Round "5"]
[Result "0-1"]
[Date "2020.10.23"]
[WhiteElo "1473"]
[BlackElo "1767"]
[PlyCount "62"]
[EventDate "2020.10.19"]
[EventType "swiss"]
[EventRounds "7"]
[EventCountry "GER"]
[SourceTitle "EXT 2022"]
[Source "ChessBase"]
[SourceDate "2021.10.06"]
[SourceVersion "1"]
[SourceVersionDate "2021.10.06"]
[SourceQuality "1"]

1. c4 e6 2. g3 Nf6 3. Bg2 d5 4. Nf3 Be7 5. 0-0 0-0 6. b3 b6 7. Bb2 Bb7 8. h3 Nbd7 9. Re1 c5 10. cxd5 Nxd5 11. d4 Qc7 12. Nc3 Rac8 13. Rc1 Qb8 14. Nxd5 Bxd5 15. Kh2 Rfd8 16. Rh1 Nf6 17. Qe1 Bxf3 18. Bxf3 cxd4 19. Rxc8 Qxc8 20. g4 e5 21. g5 Nd5 22. Qd2 Nf4 23. Bg4 Qc6 24. f3 Bxg5 25. Rc1 Qh6 26. Rc8 Rxc8 27. Bxc8 Nxh3 28. Qc2 Nf4+ 29. Kg1 Qh4 30. Bd7 Qe1+ 31. Kh2 Qf2+ 0-1

[Event "GER Pfingstopen U16"]
[White "Kieselbach, Marvin"]
[Black "Becker, Linda"]
[Site "Playchess.com INT"]
[Round "7"]
[Result "0-1"]
[Date "2020.06.05"]
[WhiteElo "1547"]
[BlackElo "1662"]
[PlyCount "70"]
[EventDate "2020.06.05"]
[EventType "swiss (blitz)"]
[EventRounds "11"]
[EventCountry "GER"]
[SourceTitle "CBM 197 Extra"]
[Source "ChessBase"]
[SourceDate "2020.09.30"]
[SourceVersion "1"]
[SourceVersionDate "2020.09.30"]
[SourceQuality "1"]

1. d4 e6 2. Nf3 d5 3. e3 c5 4. c3 Nc6 5. Bd3 Nf6 6. Nbd2 Bd6 7. 0-0 0-0 8. dxc5 Bxc5 9. e4 dxe4 10. Nxe4 Be7 11. Re1 b6 12. Bg5 h6 13. Bxf6 Bxf6 14. Nxf6+ Qxf6 15. Qa4 Bd7 16. Qg4 Rfd8 17. Qg3 Bc8 18. Bc2 Bb7 19. Re4 Ne7 20. Rg4 Nf5 21. Bxf5 exf5 22. Rf4 Rd3 23. Re1 Rad8 24. h4 Rd1 25. Rxd1 Rxd1+ 26. Kh2 Qe6 27. Rd4 Rxd4 28. Nxd4 Qd5 29. f3 Ba6 30. Qb8+ Kh7 31. Qxa7 Qe5+ 32. g3 Bc4 33. Qxb6 Qe1 34. Qc6 Qf2+ 35. Kh1 Bf1 0-1

[Event "GER-ch U18 sf Berlin Online"]
[White "Becker, Linda"]
[Black "Bosselmann, Tom Linus"]
[Site "Playchess.com INT"]
[Round "2"]
[Result "1-0"]
[Date "2020.05.01"]
[WhiteElo "1605"]
[BlackElo "1767"]
[PlyCount "103"]
[EventDate "2020.05.01"]
[EventType "swiss (blitz)"]
[EventRounds "13"]
[EventCountry "GER"]
[SourceTitle "CBM 195 Extra"]
[Source "ChessBase"]
[SourceDate "2020.05.31"]
[SourceVersion "1"]
[SourceVersionDate "2020.05.31"]
[SourceQuality "1"]

1. e4 c5 2. c3 d5 3. exd5 Qxd5 4. d4 Nf6 5. Nf3 e6 6. Be3 Nc6 7. dxc5 Qxd1+ 8. Kxd1 Ne4 9. Bb5 Bxc5 10. Bxc5 Nxc5 11. Nbd2 0-0 12. Kc2 a6 13. Bxc6 bxc6 14. Ne5 Bb7 15. Ndc4 Ne4 16. f3 Nf6 17. Nd6 Rab8 18. Nxb7 Rxb7 19. Nxc6 Rc8 20. Ne5 Nd5 21. Rad1 Ne3+ 22. Kc1 Nxd1 23. Rxd1 g6 24. Nd7 Kg7 25. f4 Rc4 26. g3 Rcc7 27. Ne5 Rb5 28. Kc2 Rcb7 29. Nc4 Rc7 30. Nd6 Rb8 31. Ne4 Rcc8 32. b3 Rd8 33. Nd6 Kf8 34. c4 Rb6 35. c5 Rc6 36. b4 a5 37. a3 axb4 38. axb4 Ra6 39. Kc3 Rb8 40. Kc4 Ra2 41. h4 Ra3 42. c6 Rxg3 43. c7 Ra8 44. c8Q+ Rxc8+ 45. Nxc8 Rg4 46. Rd4 Rxh4 47. b5 Ke8 48. b6 Rh1 49. Nd6+ Ke7 50. b7 Rb1 51. Kc5 Kd7 52. Nb5+ 1-0

[Event "GER-ch U18 sf Berlin Online"]
[White "Becker, Linda"]
[Black "Doeding, Alexander Karsten"]
[Site "Playchess.com INT"]
[Round "8"]
[Result "1-0"]
[Date "2020.05.01"]
[WhiteElo "1605"]
[BlackElo "1620"]
[PlyCount "139"]
[EventDate "2020.05.01"]
[EventType "swiss (blitz)"]
[EventRounds "13"]
[EventCountry "GER"]
[SourceTitle "CBM 195 Extra"]
[Source "ChessBase"]
[SourceDate "2020.05.31"]
[SourceVersion "1"]
[SourceVersionDate "2020.05.31"]
[SourceQuality "1"]

1. e4 e5 2. Nf3 Nc6 3. d4 exd4 4. Bc4 Bc5 5. Ng5 Ne5 6. Nxf7 Nxf7 7. Bxf7+ Kxf7 8. Qh5+ g6 9. Qxc5 d6 10. Qxd4 Nf6 11. Bg5 Re8 12. 0-0 Qe7 13. Nc3 Be6 14. f4 Qd7 15. Qxf6+ Kg8 16. Nd5 Bxd5 17. exd5 Qb5 18. Bh6 Qd7 19. Rfe1 Qf7 20. Qxf7+ Kxf7 21. Kf2 c6 22. Rxe8 Rxe8 23. dxc6 bxc6 24. Re1 Rb8 25. b3 d5 26. Bg5 a5 27. Re7+ Kg8 28. Ke3 Rb6 29. Bf6 a4 30. Rg7+ Kf8 31. Rxh7 c5 32. Rh8+ Kf7 33. Bb2 axb3 34. axb3 c4 35. Rh7+ Kg8 36. Rg7+ Kf8 37. Rd7 cxb3 38. Bg7+ Kg8 39. cxb3 Rxb3+ 40. Kd4 Rb1 41. Be5 Rd1+ 42. Kc5 d4 43. Rxd4 Rc1+ 44. Kd5 Kf7 45. Rd2 Ke7 46. Ke4 Rc4+ 47. Kf3 Ke6 48. g4 Rc1 49. Kg3 Rg1+ 50. Kh4 Rh1 51. Kg5 Rg1 52. h3 Rg3 53. Kxg6 Rxh3 54. Kg5 Rh1 55. Rd6+ Ke7 56. Rh6 Re1 57. Bf6+ Kf7 58. f5 Re4 59. Rh7+ Kg8 60. Rg7+ Kf8 61. Kh6 Re1 62. g5 Rh1+ 63. Kg6 Re1 64. Rh7 Kg8 65. Ra7 Kf8 66. Ra8+ Re8 67. Rxe8+ Kxe8 68. Bg7 Ke7 69. f6+ Ke8 70. f7+ 1-0

[Event "GER-ch Net Amateur Gr-B Vor3"]
[White "Thielscher, Rene"]
[Black "Becker, Linda"]
[Site "Playchess.com INT"]
[Round "8"]
[Result "0-1"]
[Date "2020.04.16"]
[WhiteElo "1479"]
[BlackElo "1601"]
[PlyCount "70"]
[EventDate "2020.04.16"]
[EventType "swiss (blitz)"]
[EventRounds "9"]
[EventCountry "GER"]
[SourceTitle "CBM 195 Extra"]
[Source "ChessBase"]
[SourceDate "2020.05.31"]
[SourceVersion "1"]
[SourceVersionDate "2020.05.31"]
[SourceQuality "1"]

1. e4 e6 2. d4 d5 3. exd5 exd5 4. Bd3 Nf6 5. Bg5 Be7 6. Ne2 0-0 7. 0-0 h6 8. Bh4 c5 9. c3 Nc6 10. f3 Qb6 11. b3 cxd4 12. cxd4 Nxd4 13. Nxd4 Qxd4+ 14. Bf2 Qxa1 15. Qc2 Ba3 16. Nxa3 Qe5 17. Re1 Qg5 18. Nb5 Bh3 19. Bg3 Bd7 20. Nd4 Rac8 21. Qb2 Rfe8 22. Rxe8+ Rxe8 23. Qf2 Qc1+ 24. Qf1 Qe3+ 25. Bf2 Qd2 26. g4 Qxa2 27. Bf5 Bxf5 28. Nxf5 Qxb3 29. Kg2 a5 30. Bd4 Re6 31. Bxf6 Rxf6 32. Qe2 Re6 33. Qf2 Qc4 34. Qb2 Re2+ 35. Kg3 Rxb2 0-1

[Event "GER-ch Net Amateur Gr-B Vor2"]
[White "Becker, Linda"]
[Black "Sauer, Tim"]
[Site "Playchess.com INT"]
[Round "8"]
[Result "1-0"]
[Date "2020.04.15"]
[WhiteElo "1605"]
[BlackElo "1712"]
[PlyCount "71"]
[EventDate "2020.04.15"]
[EventType "swiss (blitz)"]
[EventRounds "9"]
[EventCountry "GER"]
[SourceTitle "CBM 196 Extra"]
[Source "ChessBase"]
[SourceDate "2020.07.31"]
[SourceVersion "1"]
[SourceVersionDate "2020.07.31"]
[SourceQuality "1"]

1. e4 c6 2. d4 d5 3. exd5 cxd5 4. c4 Nf6 5. Nf3 Nc6 6. Nc3 Bg4 7. Be3 g6 8. Be2 Bg7 9. 0-0 0-0 10. Qb3 Qd7 11. cxd5 Na5 12. Qb4 b6 13. Bb5 Qd8 14. Ne5 Bf5 15. Nc6 Nxc6 16. dxc6 Nd5 17. Nxd5 Qxd5 18. Rac1 Rac8 19. c7 Qb7 20. Bf4 g5 21. Bg3 h5 22. h3 h4 23. Bh2 Be4 24. f3 Bd5 25. Bd7 f5 26. Bxc8 Rxc8 27. Qxe7 Bxd4+ 28. Kh1 g4 29. Qg5+ Kh8 30. Qxh4+ Kg8 31. hxg4 fxg4 32. Qxg4+ Bg7 33. Be5 Kf8 34. Qxg7+ Ke8 35. Rfe1 Be6 36. Bd6 1-0

[Event "GER-ch Net Amateur Gr-B Vor2"]
[White "Becker, Linda"]
[Black "Schulz, Bernd"]
[Site "Playchess.com INT"]
[Round "5"]
[Result "1-0"]
[Date "2020.04.15"]
[WhiteElo "1613"]
[BlackElo "1681"]
[PlyCount "155"]
[EventDate "2020.04.15"]
[EventType "swiss (blitz)"]
[EventRounds "9"]
[EventCountry "GER"]
[SourceTitle "CBM 196 Extra"]
[Source "ChessBase"]
[SourceDate "2020.07.31"]
[SourceVersion "1"]
[SourceVersionDate "2020.07.31"]
[SourceQuality "1"]

1. e4 e5 2. Nf3 Nc6 3. d4 exd4 4. Bc4 Bc5 5. Ng5 Nh6 6. Nxf7 Nxf7 7. Bxf7+ Kxf7 8. Qh5+ g6 9. Qxc5 Qe7 10. Qc4+ Qe6 11. Qe2 Re8 12. f3 d5 13. 0-0 dxe4 14. fxe4+ Kg8 15. Bh6 Bd7 16. Nd2 Ne5 17. Nb3 Ng4 18. Bg5 Qxe4 19. Qc4+ Be6 20. Qxd4 Bxb3 21. Qxe4 Rxe4 22. cxb3 Re2 23. h3 Ne3 24. Rf2 Rxf2 25. Kxf2 Nd5 26. Rd1 c6 27. Bh6 Kf7 28. Kg3 Re8 29. Rf1+ Ke6 30. Re1+ Kd7 31. Rxe8 Kxe8 32. Kf3 Kf7 33. Ke4 Ke6 34. g4 Nf6+ 35. Kd4 b6 36. Bd2 c5+ 37. Kc4 Kd6 38. Kb5 Kc7 39. Ka6 Kb8 40. Bf4+ Ka8 41. a4 Nd5 42. Bd6 Nb4+ 43. Kb5 Kb7 44. a5 Nd3 45. a6+ Kc8 46. Kc6 Nxb2 47. Bc7 Nc4 48. bxc4 b5 49. Kxc5 b4 50. Kxb4 Kxc7 51. Kc5 h5 52. gxh5 gxh5 53. h4 Kd7 54. Kd5 Kc7 55. c5 Kd7 56. c6+ Kc7 57. Kc5 Kd8 58. Kd6 Kc8 59. Ke5 Kc7 60. Kf5 Kxc6 61. Kg5 Kb6 62. Kxh5 Kxa6 63. Kg6 Kb5 64. h5 a5 65. h6 Kb4 66. h7 a4 67. h8Q Kb3 68. Kf5 Ka2 69. Ke4 a3 70. Kd3 Kb1 71. Qh1+ Kb2 72. Qg2+ Ka1 73. Qf1+ Kb2 74. Qe2+ Kb3 75. Qd1+ Kb2 76. Qd2+ Kb1 77. Kc3 a2 78. Qb2# 1-0